000
00423nam a2200145Ia 4500
008
100204s9999 xx 000 0 und d
082
_b
1452
100
_a
राजाध्यक्ष विजया
245
_a
अधांतर
260
_b
"मौज प्रकाशन , मुंबई"
_c
1965
300
_a
238
630
_a
अधांतर
730
_a
अधांतर
942
_c
BOOK
999
_c
446613
_d
446610